| 000 | 00541 a2200157 4500 | ||
|---|---|---|---|
| 020 | _a 1931769117 | ||
| 082 | _a005.8 | ||
| 090 |
_c3044 _d3044 |
||
| 100 | _aLukatsky, Alex | ||
| 245 |
_aProtect Your Information With Intrusion Detection _c Alex, Lukatsky. |
||
| 260 |
_aNew Delhi : _bBPB Publications, _c2003. |
||
| 300 |
_a xii, 532 p. : _bill.; _c26 cm. |
||
| 500 | _aIncludes bibliographical references and index | ||
| 650 | _a1.Computer Networks--Security Measures.2.Computer Security.3.Computers--Access Control. | ||
| 942 |
_cBK _k005.8 LUK |
||
| 999 |
_c6961 _d6961 |
||